Sermon de San Pedro Apostol, predicado en la santa iglesia metropolitana de México en 29 de junio de 1800. Por el R. P. Fr. Ramon Casaus, Torres, y Las Plazas del Orden de Predicadores, calificador del Santo Oficio, examinador synodal de este arzobispado, Doctor en sagrada teologia y catedrático propietario de Santo Tomás de esta Real y Pontificia Universidad, y regente primero de estudios del Pontificio Colegio de Santo Domingo de Porta Coeli. Publicalo á sus expensas D. Urbano Antonio Diaz de las Cuevas Dôr. teólogo de la dicha Universidad, cura de Panotlan en el obispado de Puebla

Detalles Bibliográficos
Autor principal: Casaus y Torres y Las Plazas, Francisco Ramón 1765-1845
Otros Autores: Díaz de las Cuevas, Urbano Antonio (ed.)
Formato: Libro
Lenguaje:Spanish
Publicado: impreso en México 1800
Materias:
Colección:Banco de datos
Acervo:Biblioteca de la Congregación del Oratorio de San Felipe Neri de México. Iglesia La Profesa
Descripción Física:[4] h., 22 p. 4°
Tema general:Homilética
Notas:Portada tipográfica con pleca en grabado xilográfico. Texto a renglón seguido con notas a pie de página. Incluye capitular en grabado xilográfico. Encuadernación en piel sobre cartón
LEADER 01420nam a22001930004500
035 |a 3310 
041 0 |a spa 
100 1 |a Casaus y Torres y Las Plazas, Francisco Ramón  |d 1765-1845 
245 1 0 |a Sermon de San Pedro Apostol, predicado en la santa iglesia metropolitana de México en 29 de junio de 1800. Por el R. P. Fr. Ramon Casaus, Torres, y Las Plazas del Orden de Predicadores, calificador del Santo Oficio, examinador synodal de este arzobispado, Doctor en sagrada teologia y catedrático propietario de Santo Tomás de esta Real y Pontificia Universidad, y regente primero de estudios del Pontificio Colegio de Santo Domingo de Porta Coeli. Publicalo á sus expensas D. Urbano Antonio Diaz de las Cuevas Dôr. teólogo de la dicha Universidad, cura de Panotlan en el obispado de Puebla 
260 |a impreso en México  |b en la imprenta del Bêr. D. Joseph Fernandez Jauregui  |c 1800 
300 |a [4] h., 22 p.  |c 4° 
500 |a Portada tipográfica con pleca en grabado xilográfico. Texto a renglón seguido con notas a pie de página. Incluye capitular en grabado xilográfico. Encuadernación en piel sobre cartón 
501 |a 23 obras 
650 1 0 |a Homilética 
700 1 |a Díaz de las Cuevas, Urbano Antonio  |e ed. 
949 |a Iglesia La Profesa, Biblioteca 7173-G 
942 |c PROFESA 
943 |g Biblioteca de la Congregación del Oratorio de San Felipe Neri de México. Iglesia La Profesa 
999 |c 950121  |d 950121